[Event "Ladenburg BM"]
[Site "Ladenburg"]
[Date "1992.??.??"]
[Round "4"]
[White "Jaeschke, Benno"]
[Black "Beikert, Guenther"]
[Result "1/2-1/2"]
[WhiteElo "2235"]
[BlackElo "2350"]

1.d4 d5 2.c4 c6 3.Nf3 Nf6 4.Nc3 e6 5.Bf4 dxc4 6.a4 Bb4 7.Qc2 b5 8.g3 Bb7
9.Bg2 Nbd7 10.O-O a6 11.Rfd1 Nd5 12.Bd2 Nxc3 13.Bxc3 Bxc3 14.Qxc3 O-O 15.Nd2 Qc7
16.b3 a5 17.Ne4 Nb6 18.bxc4 Nxc4 19.Nc5 Ba6 20.Nxa6 Rxa6 21.Rdc1 Rc8 22.Rab1 Qd7
23.e3 Ra7 24.Bf1 Nb6 25.Qc2 b4 26.Qb3 Nd5 27.Rc5 Qd6 28.Bg2 Nc3 29.Ra1 Qd8
30.Qc4 Qb6 31.Kf1 Qa6 32.Qxa6 Rxa6 33.Ke1 Kf8 34.Kd2 Ke7 35.Kd3 Kd6 36.Kc4 Nd5
37.Rc1 Nb6+ 38.Kb3 Nd7 39.Bf1 Ra7 40.R5c2 Rac7 41.Ba6 Rb8 42.Bb5 Rbc8 43.Ba6 Rd8
44.Bb5 c5 45.e4 e5 46.Bxd7 Rdxd7 47.dxe5+ Ke6 48.f4 Rd3+  1/2-1/2

[Event "Munich op9192"]
[Site "Munich"]
[Date "1992.??.??"]
[Round "3"]
[White "Titz, Heimo"]
[Black "Kuijf, Marinus"]
[Result "0-1"]
[WhiteElo "2290"]
[BlackElo "2460"]

1.c4 e6 2.Nf3 d5 3.d4 c6 4.Qb3 Nf6 5.Nc3 dxc4 6.Qxc4 b5 7.Qb3 Nbd7 8.Bg5 Qa5
9.Bd2 b4 10.Na4 Ba6 11.Rc1 Ne4 12.Qc2 Qd5 13.b3 Rc8 14.e3 Bxf1 15.Kxf1 Qf5
16.Be1 Be7 17.Nd2 Qb5+ 18.Qc4 Nxd2+ 19.Bxd2 Qb7 20.Ke2 O-O 21.Rhd1 Qb8 22.g3 c5
23.Nxc5 Nxc5 24.dxc5 Rxc5 25.Qa6 Rh5 26.h4 Rb5 27.Rc2 Rb6 28.Qc4 Bd6 29.Qe4 Ra6
30.Rdc1 Qb5+ 31.Kf3 h5 32.Rc6 Rxc6 33.Qxc6 Qf5+ 34.Kg2 Rd8 35.e4 Qg4 36.Be3 Bb8
37.Rc4 Kh7 38.Qb7 Bxg3 39.fxg3 Qe2+ 40.Bf2 Rd1 41.e5 Qf1+ 42.Kh2 Qxf2+ 43.Qg2 Qxg2+
44.Kxg2 Rd2+ 45.Kf3 a5 46.a4 bxa3  0-1

[Event "NED-chT"]
[Site "NED"]
[Date "1992.??.??"]
[Round "?"]
[White "Kortschnoj, Viktor"]
[Black "Knoppert, Erik G J"]
[Result "1-0"]
[WhiteElo "2585"]
[BlackElo "2345"]

1.d4 d5 2.c4 c6 3.Nf3 Nf6 4.Nc3 e6 5.Qb3 Bd6 6.Bg5 Nbd7 7.e4 dxe4 8.Nxe4 Be7
9.Nc3 O-O 10.Be2 c5 11.Rd1 cxd4 12.Nxd4 a6 13.Bh4 Nc5 14.Qc2 Qb6 15.Bg3 Bd7
16.O-O Rfd8 17.Rd2 a5 18.Rfd1 Rac8 19.Bf3 Na6 20.Qb3 Bb4 21.Ndb5 Nc5 22.Qc2 Bxc3
23.Rd6 Bc6 24.Rxd8+ Rxd8 25.Bc7 Rxd1+ 26.Qxd1 Qa6 27.Qd8+ Be8 28.Nd6 Kf8
29.bxc3 e5 30.Bd5 Ne6 31.Bxe6 fxe6 32.Nxe8 Nxe8 33.Bxe5 Qc6 34.Qxa5 Kf7 35.Qb5 Qc8
36.h3 Nf6 37.a4 Ne4 38.Bd4 Nd6 39.Qe5 Nf5 40.Qc5 Qd7 41.a5 h5 42.Qb5 Qe7
43.c5 Kg6 44.c6  1-0

[Event "Policka"]
[Site "Policka"]
[Date "1992.??.??"]
[Round "?"]
[White "Stajcic, Nikola"]
[Black "Stodola, Jaroslav"]
[Result "1-0"]
[WhiteElo "2300"]
[BlackElo "2230"]

1.d4 Nf6 2.Nf3 d5 3.c4 c6 4.Nc3 e6 5.Qb3 Nbd7 6.Bf4 dxc4 7.Qxc4 Nb6 8.Qb3 Nbd5
9.Bd2 Be7 10.g3 O-O 11.Bg2 c5 12.dxc5 Bxc5 13.O-O h6 14.Rac1 Qe7 15.Nxd5 Nxd5
16.e4 Nf6 17.Qc4 Nd7 18.e5 b5 19.Qg4 Bb7 20.Bxh6 f5 21.exf6 Nxf6 22.Qxg7+ Qxg7
23.Bxg7 Kxg7 24.Rxc5 Nd7 25.Rc7 Bxf3 26.Rxd7+ Kg6 27.Bxf3 Rxf3 28.Re1 Kf6
29.Rd6 Re8 30.Kg2 Rf5 31.b4 Re7 32.f4 Kf7 33.Rc1 Rd5 34.Rxd5 exd5 35.Kf3 d4
36.Rd1 Re3+ 37.Kf2 Ra3 38.Rxd4 Rxa2+ 39.Kf3 Rxh2 40.Rd5 a6 41.Rd6 Rb2 42.Rxa6 Rxb4
43.g4 Rb1 44.Ke4 b4 45.Kf5 Rc1 46.Ra7+ Ke8 47.Rb7 Rc4 48.g5 Kf8 49.g6 Kg8
50.Kg5  1-0

[Event "ROM-chT"]
[Site "?"]
[Date "1992.??.??"]
[Round "?"]
[White "Vasilescu, Lucian"]
[Black "Chirila, Radu Catalin"]
[Result "1-0"]
[WhiteElo "2385"]
[BlackElo "2280"]

1.d4 d5 2.c4 c6 3.Nf3 Nf6 4.Qb3 e6 5.Nc3 Nbd7 6.Bg5 Qa5 7.Bd2 Qb6 8.e3 Be7
9.Bd3 dxc4 10.Bxc4 Qxb3 11.Bxb3 c5 12.O-O O-O 13.Rfd1 Rd8 14.Rac1 cxd4 15.exd4 Nb6
16.Bf4 Bd7 17.Bc7 Rdc8 18.Bxb6 axb6 19.d5 exd5 20.Nxd5 Nxd5 21.Rxc8+ Rxc8
22.Bxd5 Bc6 23.Bxc6 bxc6 24.Ne5 f6 25.Nd3 Rd8 26.Kf1 Kf7 27.Ke2 Rd6 28.a4 Ke8
29.Nc1 Rxd1 30.Kxd1 Kd7 31.Kc2 b5 32.b3 Kc7 33.Kc3 Kb6 34.Nd3 Ka5 35.axb5 Kxb5
36.Kd4 Kb6 37.f4 Bd6 38.h3 Kc7 39.g4 Kd7 40.Ke4 g6 41.Nb2 Ke6 42.f5+ Kf7
43.Nc4 Bb4 44.Ne3 Kg7 45.Nc2 Bc5 46.Nd4 Kh6 47.Nxc6 Kg5 48.b4 Bb6 49.Nb8 Kh4
50.Nd7 Bd8 51.b5 Kxh3 52.Nxf6 Bxf6 53.b6 Kxg4 54.fxg6  1-0

[Event "Sydney op"]
[Site "Sydney"]
[Date "1992.??.??"]
[Round "5"]
[White "Johansen, Darryl K"]
[Black "Wallace, John Paul"]
[Result "1/2-1/2"]
[WhiteElo "2485"]
[BlackElo "2270"]

1.Nf3 d5 2.c4 e6 3.d4 Nf6 4.Nc3 c6 5.Qb3 dxc4 6.Qxc4 b5 7.Qd3 Bb7 8.Bg5 Nbd7
9.a3 h6 10.Bxf6 Nxf6 11.e4 b4 12.axb4 Bxb4 13.Qe3 O-O 14.Ba6 Bxa6 15.Rxa6 c5
16.dxc5 Nd7 17.O-O  1/2-1/2

[Event "Ticino op"]
[Site "Ticino"]
[Date "1992.??.??"]
[Round "5"]
[White "Gheorghiu, Florin"]
[Black "Vianin, Pascal"]
[Result "1-0"]
[WhiteElo "2500"]
[BlackElo "2170"]

1.d4 d5 2.c4 e6 3.Nf3 Nf6 4.Nc3 c6 5.Qb3 Be7 6.g3 O-O 7.Bg2 Nbd7 8.O-O Qb6
9.c5 Qxb3 10.axb3 e5 11.b4 exd4 12.Nxd4 Re8 13.Rd1 Nf8 14.h3 Ne6 15.Be3 Nxd4
16.Bxd4 Ne4 17.Nxe4 dxe4 18.b5 cxb5 19.Bxe4 Bf6 20.Bg2 Rxe2 21.c6 Re7 22.Bxf6 gxf6
23.Rd8+ Kg7 24.cxb7 Bxb7 25.Rxa8 Bxa8 26.Bxa8  1-0

[Event "AUT-ch"]
[Site "?"]
[Date "1993.??.??"]
[Round "6"]
[White "Petschar, Kurt"]
[Black "Kwatschewsky, Leo"]
[Result "1/2-1/2"]
[WhiteElo "2325"]
[BlackElo "2300"]

1.d4 d5 2.Nf3 Nf6 3.c4 e6 4.Nc3 c6 5.Qb3 Be7 6.Bg5 O-O 7.e3 Nbd7 8.Be2 h6
9.Bh4 b6 10.O-O Bb7 11.Rfd1 Ne4 12.Bxe7 Qxe7 13.Qc2 Nxc3 14.Qxc3 Rfc8 15.cxd5 exd5
16.Rac1 c5 17.Qa3 a6 18.dxc5 bxc5 19.Nd4 Qg5 20.Nf3 Qf6 21.b4 c4 22.Qa5 g5
23.h3 Rab8 24.a3 Kg7 25.Qa4 Bc6 26.Qc2 Nb6 27.Rd4 Re8 28.Nd2 Bd7 29.Nb1 Bf5
30.Qd2 Re4 31.Rxe4 Bxe4 32.Nc3 Qe5 33.Rd1 Rc8 34.Qc1 Bd3 35.Qd2 d4 36.exd4 Qxd4
37.Bf3 Rc7 38.Re1 Rd7 39.Rd1 Re7 40.Re1 Re5 41.Rxe5 Qxe5 42.Bb7 a5 43.bxa5 Qxa5
44.Qb2 Kh7 45.Qb4 Qe5 46.Nb5 Nd7 47.Bc6 Nc5 48.Qc3 Qe6 49.Bf3 Qd7 50.Qf6  1/2-1/2

[Event "AUT-chT"]
[Site "?"]
[Date "1993.??.??"]
[Round "?"]
[White "Robatsch, Karl"]
[Black "Blatny, Frantisek"]
[Result "1/2-1/2"]
[WhiteElo "2405"]
[BlackElo "2370"]

1.Nf3 d5 2.d4 Nf6 3.c4 e6 4.Nc3 c6 5.Qb3 Bd6 6.Bg5 h6 7.Bxf6 Qxf6 8.e4 dxe4
9.Nxe4 Qe7 10.Nxd6+ Qxd6 11.c5 Qe7 12.Bc4 Nd7 13.O-O O-O 14.Qc3 Rd8 15.Rfe1 b6
16.b4 a5 17.a3 Bb7 18.Nd2 Nf6 19.cxb6 axb4 20.axb4 Nd7 21.Nb3 Rxa1 22.Rxa1 Nxb6
23.h3 Qf6 24.Re1 Bc8 25.Re3 Bd7 26.Rf3 Qe7 27.Rg3 Be8 28.d5 e5 29.dxc6 Bxc6
30.Na5 Be8 31.Re3 Rd1+ 32.Kh2 Nd7 33.Bb3 Rf1 34.Re2 Qf6 35.Qe3 Qd6 36.Nc4 Qxb4
37.Qg3 Qb8 38.Nxe5  1/2-1/2

[Event "Beijing op"]
[Site "Beijing"]
[Date "1993.??.??"]
[Round "1"]
[White "Lin Weiguo"]
[Black "Peng, Zhaoqin"]
[Result "1/2-1/2"]
[WhiteElo "2540"]
[BlackElo "2335"]

1.d4 d5 2.Nf3 c6 3.c4 Nf6 4.Nc3 e6 5.Qb3 Nbd7 6.Bg5 Qa5 7.Bxf6 Nxf6 8.e3 Ne4
9.Bd3 Nxc3 10.bxc3 Be7 11.O-O Bf6 12.Rab1 O-O 13.Rfe1 b6 14.cxd5 cxd5 15.a4 Bd7
16.Bb5 Rfd8 17.Rec1 Bxb5 18.axb5 a6 19.c4 axb5 20.cxb5 Qa4 21.Qc3 h5 22.g3 Rdb8
23.Kg2 g6 24.h4 Kg7 25.Qc6 Qa2 26.Qd7 Rd8 27.Qc6 Rdb8 28.Qd6 Qa3 29.Qf4 Qd3
30.Qc7 Rc8 31.Qf4 Rcb8 32.Qc7 Rc8 33.Qd6 Rxc1 34.Rxc1 Qxb5 35.Ng5 Bxg5 36.hxg5 Qe8
37.Rc7 Kg8 38.Qxb6 Rb8 39.Qd6 Rd8 40.Qc5 Ra8 41.Kf3 Qd8 42.Kf4 Rb8 43.f3 Ra8
44.Qe7 Qxe7 45.Rxe7 Kg7 46.Rb7 Ra1 47.Rb3 Rf1  1/2-1/2

[Event "Budapest FS02 IM"]
[Site "Budapest"]
[Date "1993.??.??"]
[Round "?"]
[White "Panzer, Peter"]
[Black "Proehl, Holger"]
[Result "1/2-1/2"]
[WhiteElo "2330"]
[BlackElo "2315"]

1.d4 d5 2.Nf3 Nf6 3.c4 e6 4.Nc3 c6 5.Qb3 Nbd7 6.cxd5 exd5 7.Bf4 Qb6 8.Qc2 Be7
9.e3 O-O 10.Bd3 Re8 11.O-O Nf8 12.Rab1 Qd8 13.b4 a6 14.a4 Bd6 15.Bxd6 Qxd6
16.Rfe1 Be6 17.h3 Rec8 18.Ne5 N6d7 19.f4 f6 20.Nxd7 Qxd7 21.a5 Re8 22.f5 Bf7
23.Na4 Qc7 24.Qf2 Re7 25.Qf4 Rae8 26.Qxc7 Rxc7 27.Rb2 Nd7 28.g4 g5 29.Kf2 Rcc8
30.e4 dxe4 31.Rxe4 Rxe4 32.Bxe4 Re8 33.Bf3 Rd8 34.Nc3 Nb8 35.Rd2 Bd5 36.Ne4 Bxe4
37.Bxe4 Kf8 38.Ke3 Re8 39.h4 gxh4 40.Rh2 Re7 41.Rxh4 Nd7 42.Kf4 Rg7 43.Rh1 Ke7
44.Bd3 Kd6 45.Bc4 Ke7 46.Re1+ Kd8 47.Re6 Rg5 48.d5 h5 49.Be2 hxg4 50.Bxg4 cxd5
51.Rd6  1/2-1/2

[Event "Cappelle op"]
[Site "Cappelle la Grande"]
[Date "1993.??.??"]
[Round "3"]
[White "Gofshtein, Leonid D"]
[Black "Zvjaginsev, Vadim"]
[Result "1-0"]
[WhiteElo "2560"]
[BlackElo "2445"]

1.d4 d5 2.c4 e6 3.Nc3 c6 4.Qb3 Nf6 5.Nf3 dxc4 6.Qxc4 b5 7.Qd3 a6 8.Bg5 c5
9.a4 bxa4 10.Bxf6 gxf6 11.d5 exd5 12.Qxd5 Ra7 13.Qe4+ Be6 14.e3 Qb6 15.Nd5 Qa5+
16.Nd2 Be7 17.Nxe7 Rd7 18.Nd5 Rxd5 19.Qxa4+ Qxa4 20.Rxa4 Ke7 21.Bc4 Rd7 22.Bxe6 fxe6
23.Ke2 Rb7 24.b3 Rc8 25.Rc1 Rc6 26.Rh4 Kf8 27.Ne4 Kg7 28.Rxc5 Rb5 29.Rg4+  1-0

[Event "CZE Tschechien-ch"]
[Site "?"]
[Date "1993.??.??"]
[Round "5"]
[White "Adamek, Petr"]
[Black "Bures, Jilji"]
[Result "1/2-1/2"]
[WhiteElo "1940"]
[BlackElo "2055"]

1.Nf3 d5 2.d4 Nf6 3.c4 e6 4.Nc3 c6 5.Bf4 Nbd7 6.e3 Be7 7.Qc2 Nf8 8.Be2 Ng6
9.Bg3 Bd6 10.c5 Bxg3 11.hxg3 b6 12.Na4 b5 13.Nc3 Qc7 14.b4 a5 15.bxa5 Rxa5
16.O-O O-O 17.a4 bxa4 18.Nxa4 e5 19.Nb6 Rxa1 20.Rxa1 Bg4 21.Ra6 Bxf3 22.gxf3 exd4
23.exd4 Re8 24.Bd3 Nd7 25.Qa4 Nxb6 26.Rxb6 Ne7 27.Qb4 Qd7 28.Rb7 Qe6 29.Kg2 g6
30.Qb6 Qf6 31.Qb4 Kg7 32.Rd7 Nf5 33.Bxf5 Qxf5 34.Qb7 Re2 35.Re7  1/2-1/2

[Event "CZE-chT"]
[Site "?"]
[Date "1993.??.??"]
[Round "?"]
[White "Konopka, Michal"]
[Black "Pinkas, Karol"]
[Result "1-0"]
[WhiteElo "2425"]
[BlackElo "2355"]

1.Nf3 Nf6 2.c4 c6 3.d4 d5 4.Qb3 e6 5.Nc3 Nbd7 6.g3 a5 7.Bg2 a4 8.Nxa4 dxc4
9.Qc2 Nd5 10.O-O Qa5 11.Nc3 Nxc3 12.bxc3 Qa4 13.Qe4 Bd6 14.Qg4 g6 15.Bh6 Ra5
16.Ng5 Nf6 17.Qh4 Nh5 18.e3 Be7 19.g4 f6 20.gxh5 fxg5 21.Qg3 gxh5 22.d5 cxd5
23.Bg7 Rg8 24.Bd4 Qc6 25.Rab1 Rb5 26.Qh3 h4 27.Qg4 Rxb1 28.Qh5+ Kd7 29.Rxb1 b5
30.Qxh7 Rf8 31.e4 Bb7 32.exd5 exd5 33.Re1 Qd6 34.Bh3+ Kd8 35.Bb6+ Ke8 36.Qh5+ Rf7
37.Be6 Qf4 38.Bxf7+ Qxf7 39.Qxg5 Kf8 40.Qh6+ Kg8 41.Bd4  1-0

[Event "Dublin zt"]
[Site "Dublin"]
[Date "1993.??.??"]
[Round "3"]
[White "Kumaran, Dharshan"]
[Black "Wells, Peter K"]
[Result "1-0"]
[WhiteElo "2385"]
[BlackElo "2485"]

1.d4 d5 2.c4 e6 3.Nc3 c6 4.Qb3 Nf6 5.Nf3 dxc4 6.Qxc4 b5 7.Qd3 Be7 8.a3 a6
9.e4 Bb7 10.e5 Nd5 11.Ne4 Nd7 12.Bg5 f6 13.exf6 gxf6 14.Bh6 c5 15.Be2 c4
16.Nfd2 Qb6 17.Bh5+ Kd8 18.Qg3 Qxd4 19.Bf7 Ne5 20.Bxe6 Nd3+ 21.Ke2 Qxb2 22.Nd6 N3f4+
23.Bxf4 Bxd6 24.Bxd6 Re8 25.Rhe1 c3 26.Bc7+  1-0

[Event "Troll Masters"]
[Site "Gausdal"]
[Date "1993.??.??"]
[Round "9"]
[White "Tisdall, Jonathan D"]
[Black "Koskinen, Henri"]
[Result "1-0"]
[WhiteElo "2425"]
[BlackElo "2240"]

1.Nf3 Nf6 2.c4 c6 3.d4 d5 4.Nc3 e6 5.Qb3 Nbd7 6.Bg5 Be7 7.e3 a5 8.Bd3 a4
9.Qc2 Qa5 10.O-O dxc4 11.Bxc4 e5 12.Bxf6 gxf6 13.a3 Nb6 14.Ba2 Bg4 15.Qe4 Bxf3
16.Qxf3 O-O-O 17.Bxf7 exd4 18.exd4 Rxd4 19.Rfe1 Bd8 20.Qe3 c5 21.Rad1 Bc7
22.Rxd4 cxd4 23.Qxd4 Be5 24.Qe4 Rd8 25.g3 Kb8 26.Rc1 Rd2 27.Rc2 Bxc3 28.bxc3 Rd1+
29.Kg2 Qc5 30.Rb2 Ka7 31.Rb4 Rd2 32.Qf4 Qc6+ 33.Kh3 Rc2 34.Qd4 Qc8+ 35.Kh4 Qc6
36.Rxb6 Qxb6 37.Qxa4+ Kb8 38.Qxc2 Qc7 39.Qb3 Qe5 40.Bd5  1-0

[Event "Katowice op"]
[Site "Katowice"]
[Date "1993.??.??"]
[Round "1"]
[White "Fornal, Agnieszka"]
[Black "Bashkov, Viacheslav"]
[Result "0-1"]
[WhiteElo "2135"]
[BlackElo "2450"]

1.d4 d5 2.c4 e6 3.Nc3 c6 4.Nf3 Nf6 5.Bf4 dxc4 6.e4 b5 7.Qc2 Bb7 8.Be2 Be7
9.O-O O-O 10.Rad1 Nbd7 11.Rfe1 Re8 12.Ne5 Nxe5 13.Bxe5 Qb6 14.Bf3 Rad8 15.Rd2 Nd7
16.Bf4 c5 17.d5 e5 18.Be3 Bd6 19.Be2 Qa5 20.Rdd1 Rb8 21.a4 a6 22.axb5 axb5
23.Ra1 Qb6 24.b3 cxb3 25.Qxb3 b4 26.Na4 Qc7 27.Nb2 Nb6 28.Nc4 Ra8 29.Nxb6 Qxb6
30.Bc4 Ra5 31.Rxa5 Qxa5 32.g3 Ra8 33.Rb1 Ba6  0-1

[Event "Mar del Plata op"]
[Site "Mar del Plata"]
[Date "1993.??.??"]
[Round "8"]
[White "Fraschini, Mariano"]
[Black "Kanefsck, Gustavo"]
[Result "1/2-1/2"]
[WhiteElo "2320"]
[BlackElo "2370"]

1.Nf3 d5 2.c4 c6 3.d4 Nf6 4.Nc3 e6 5.Qb3 Nbd7 6.Bg5 Be7 7.cxd5 exd5 8.e3 O-O
9.Bd3 Re8 10.O-O h6 11.Bh4 Ne4 12.Bxe7 Qxe7 13.Bxe4 dxe4 14.Nd2 Nf6 15.Rae1 Be6
16.Qc2  1/2-1/2

[Event "Mlada Boleslav op"]
[Site "Mlada Boleslav"]
[Date "1993.??.??"]
[Round "?"]
[White "Sergeev, Vladimir"]
[Black "Nikoladze, Sofia"]
[Result "1-0"]
[WhiteElo "2440"]
[BlackElo "2060"]

1.Nf3 d5 2.c4 c6 3.d4 Nf6 4.Nc3 e6 5.Qb3 dxc4 6.Qxc4 b5 7.Qb3 Bb7 8.g3 Nbd7
9.Bg2 a6 10.Ne5 Nxe5 11.dxe5 Nd7 12.Bf4 Qc7 13.O-O Be7 14.Rac1 O-O 15.Ne4 Rad8
16.Nd6 Ba8 17.Qc3 g5 18.Be3 f6 19.Qb3 Nxe5 20.Qxe6+ Kh8 21.Nf5 Bb4 22.Rfd1 Bb7
23.Rxd8 Qxd8 24.Qb3 Qa5 25.a3 Bd2 26.Qe6 h5 27.Qd6  1-0

[Event "Maccabiah"]
[Site "Netanya"]
[Date "1993.??.??"]
[Round "2"]
[White "Zilberman, Yaacov"]
[Black "Stisis, Yaacov"]
[Result "1/2-1/2"]
[WhiteElo "2475"]
[BlackElo "2350"]

1.d4 d5 2.c4 c6 3.Nf3 Nf6 4.Nc3 e6 5.Qb3 Nbd7 6.g3 Bd6 7.Bg2 O-O 8.O-O Rb8
9.Rd1 b5 10.c5 Bc7 11.Qc2 b4 12.Na4 Qe7 13.b3 Ne4 14.a3 bxa3 15.Bf4 e5 16.Nxe5 Nxe5
17.Bxe5 Bxe5 18.dxe5 Qxe5 19.Rxa3 Bf5 20.Qc1 Rb5 21.Qe3 Re8 22.Bxe4 Qxe4
23.Qxe4 Bxe4 24.Nc3 Rxc5 25.b4 Rc4 26.b5 Bc2 27.Rd2 d4 28.bxc6 dxc3 29.Rxc2 Rxc6
30.Rcxc3 Rxc3 31.Rxc3 Kf8 32.Kf1 Ra8  1/2-1/2

[Event "Nis op"]
[Site "Nis"]
[Date "1993.??.??"]
[Round "?"]
[White "Damljanovic, Branko"]
[Black "Vlatkovic, Sinisa"]
[Result "1-0"]
[WhiteElo "2570"]
[BlackElo "2340"]

1.Nf3 d5 2.c4 c6 3.d4 Nf6 4.Nc3 e6 5.Qb3 dxc4 6.Qxc4 b5 7.Qd3 b4 8.Ne4 Nxe4
9.Qxe4 Bb7 10.Qg4 Nd7 11.e4 Qa5 12.Bc4 Nf6 13.Qf4 Ba6 14.Nd2 Rd8 15.O-O Bxc4
16.Nxc4 Qb5 17.b3 Rxd4 18.Bb2 Nd5 19.Qf3 Nc3 20.a3 c5 21.axb4 cxb4 22.Rxa7 f6
23.e5 Qd5 24.Ra8+ Kf7 25.Ra7+ Ke8 26.Qxd5 Rxd5 27.Re1 f5 28.Rb7 Rd7 29.Rb8+ Rd8
30.Rb6 Kf7 31.Nd6+ Bxd6 32.exd6 Rb8 33.Ra6 Ra8 34.Rea1 Rxa6 35.Rxa6 Rd8 36.f4 e5
37.fxe5 Ke6 38.Rb6 Nd5 39.Rc6 Ra8 40.d7+ Ke7 41.Rc8  1-0

[Event "ROM-chT"]
[Site "ROM"]
[Date "1993.??.??"]
[Round "8"]
[White "Dumitrache, Dragos"]
[Black "Pavlov, Mircea"]
[Result "1-0"]
[WhiteElo "2385"]
[BlackElo "2385"]

1.d4 Nf6 2.c4 c6 3.Nf3 d5 4.Nc3 e6 5.Qb3 Nbd7 6.g3 a5 7.Bg2 a4 8.Qc2 dxc4
9.Nxa4 b5 10.Nc3 Ba6 11.a3 Rc8 12.O-O c5 13.Bg5 cxd4 14.Nxd4 Qb6 15.Rad1 Bc5
16.Qd2 O-O 17.Nc2 Bb7 18.Bxb7 Qxb7 19.Nb4 Rfd8 20.Bxf6 gxf6 21.Qf4 Be7 22.Ne4 f5
23.Nd6 Bxd6 24.Rxd6 Re8 25.Rfd1 Nf8 26.Qg5+ Ng6 27.Na2 Qe4 28.Nc3 Qe5 29.Rb6 Rb8
30.Rxb8 Qxb8 31.h4 Kg7 32.h5 h6 33.Qe3 Nf8 34.Qc5 f4 35.g4 Nh7 36.Qxb5 Nf6
37.f3 Qxb5 38.Nxb5 Rb8 39.a4 Nd5 40.Rd4 Nb6 41.Nc3 Ra8 42.Rxf4 e5 43.Re4 Ra5
44.Kf2 f5 45.gxf5 Kf6 46.b4 cxb3 47.Rb4 Nd7 48.e4 Nc5 49.Rb5 Nxa4 50.Nd5+  1-0

[Event "Alcobendas op"]
[Site "Alcobendas"]
[Date "1994.??.??"]
[Round "3"]
[White "Ferreiro, Manuel"]
[Black "Vera, Reynaldo"]
[Result "1/2-1/2"]
[WhiteElo "2225"]
[BlackElo "2485"]

1.d4 d5 2.c4 e6 3.Nc3 c6 4.Qb3 Nf6 5.Nf3 dxc4 6.Qxc4 b6 7.Bg5 Be7 8.Qa4 Ba6
9.g3 O-O 10.Rd1 b5 11.Qc2 Qa5 12.a3 Nbd7 13.Bg2 Rac8 14.O-O h6 15.b4 Qb6
16.Bd2 Bb7 17.Nb1 Rfd8 18.Rfe1 a5 19.e4 axb4 20.axb4 Qa7 21.Bc3 Ra8 22.Nbd2 Qa4
23.Qb1 Ra7 24.Bf1 Rda8 25.Rc1 Bf8  1/2-1/2

[Event "JUG-chT Cup"]
[Site "Becici"]
[Date "1994.??.??"]
[Round "?"]
[White "Abramovic, Bosko"]
[Black "Todorovic, Goran M"]
[Result "1-0"]
[WhiteElo "2500"]
[BlackElo "2455"]

1.d4 d5 2.Nf3 Nf6 3.c4 e6 4.Nc3 c6 5.Qb3 dxc4 6.Qxc4 b6 7.g3 Ba6 8.Qb3 Be7
9.Bg2 Nd5 10.Ne5 O-O 11.O-O Bf6 12.Rd1 Nxc3 13.bxc3 Bxe2 14.Re1 Bxe5 15.dxe5 Qd3
16.Ba3 Rc8 17.Qb2 Bh5 18.h3 Qd8 19.g4 Bg6 20.Rad1 Qh4 21.Qe2 h5 22.Rd6 a5
23.Qe3 Ra6 24.Red1 Kh7 25.gxh5 Bf5 26.Qg3 Qa4 27.Bc1 Ra7 28.h6 gxh6 29.R6d4 Qc2
30.Qh4 Nd7 31.Qxh6+ Kg8 32.Rxd7 Rxd7 33.Rxd7 Qxc3  1-0

[Event "JUG-chT Cup"]
[Site "Becici"]
[Date "1994.??.??"]
[Round "?"]
[White "Simic, Radoslav"]
[Black "Ivanovic, Bozidar"]
[Result "1/2-1/2"]
[WhiteElo "2495"]
[BlackElo "2480"]

1.Nf3 d5 2.d4 Nf6 3.c4 c6 4.Nc3 e6 5.Qb3 Be7 6.Bg5 Nbd7 7.e3 O-O 8.Be2 dxc4
9.Bxc4 b5 10.Be2 a6 11.O-O c5 12.Rfd1 Bb7 13.Bxf6 Bxf6 14.a4 b4 15.Nb1 Bd5
16.Qc2 cxd4 17.exd4 Qb8 18.Nbd2 Rc8 19.Qd3 Qb7 20.Rac1 Rxc1 21.Rxc1 g6 22.b3 a5  1/2-1/2

[Event "Biel op"]
[Site "Biel"]
[Date "1994.??.??"]
[Round "1"]
[White "Adianto, Utut"]
[Black "Namyslo, Holger"]
[Result "1-0"]
[WhiteElo "2520"]
[BlackElo "2285"]

1.d4 e6 2.Nf3 d5 3.c4 Nf6 4.Nc3 c6 5.Qb3 Nbd7 6.Bg5 Be7 7.g3 O-O 8.Bg2 b6
9.O-O Bb7 10.Rfd1 Rc8 11.Rac1 h6 12.Bxf6 Nxf6 13.Ne5 c5 14.cxd5 exd5 15.dxc5 Bxc5
16.Nd3 Qe7 17.e3 Rfd8 18.Nxc5 Rxc5 19.Rd4 Ne4 20.Bxe4 dxe4 21.Rcd1 Rxd4 22.Rxd4 Rc7
23.Qd1 Bc6 24.Qg4 Rd7 25.Rxd7 Bxd7 26.Qxe4 Be6 27.Qd4 Qg5 28.f4 Qa5 29.a3 Bh3
30.Qd8+ Kh7 31.Qd3+ Bf5 32.Qb5 Qxb5 33.Nxb5 a6 34.Nd6 Be6 35.e4 g6 36.Kf2 Kg7
37.Ke3 Kf6 38.Kd4 Ke7 39.Nc4 b5 40.Na5 Kd6 41.Nb7+ Kc7 42.Nc5 Bc8 43.Ke5 Kb6
44.b4 f5 45.exf5 Bxf5 46.Ne6 a5 47.Nd4 Bd3 48.g4 axb4 49.axb4 Kc7 50.f5 gxf5
51.Nxf5  1-0

[Event "CZE-chT"]
[Site "?"]
[Date "1994.??.??"]
[Round "?"]
[White "Jirovsky, Milos"]
[Black "Tichy, Vladimir"]
[Result "1/2-1/2"]
[WhiteElo "2410"]
[BlackElo "2390"]

1.Nf3 d5 2.c4 c6 3.d4 Nf6 4.Nc3 e6 5.Qb3 Be7 6.g3 Nbd7 7.Bg2 O-O 8.O-O b6
9.Bf4 Bb7 10.Ne5 Nxe5 11.Bxe5 Qd7 12.Rfd1 Ba6 13.cxd5 cxd5 14.e4 Nxe4 15.Nxe4 dxe4
16.Bxe4 Bb7 17.d5 Bxd5 18.Bxd5 exd5 19.Rxd5 Qe6 20.Rad1 Rad8 21.Kg2 Rxd5
22.Qxd5 Qxd5+ 23.Rxd5 f6 24.Rd7 Bc5 25.Bc3 Rf7 26.Rd8+ Rf8 27.Rd5 Re8 28.Kf3 Kf7
29.b4 Ke6 30.Rd3 Bd6 31.Re3+ Be5 32.Kg4 Rc8 33.Bxe5 fxe5 34.f4 Rc2 35.Rxe5+ Kf6
36.Rf5+ Ke6 37.Rh5 h6 38.a4 Ra2 39.a5 Rb2 40.Rb5 bxa5 41.Re5+ Kf6 42.bxa5 Rxh2
43.Rc5 Re2 44.Rc7 Re7 45.Rxe7 Kxe7 46.Kf5 Kf7 47.a6 g6+ 48.Ke5 Ke7 49.g4 Kf7
50.f5 gxf5 51.Kxf5 Kg7 52.Ke6 Kg6 53.Kd7 Kf7 54.Kd6 Kf6 55.Kc6 Ke6 56.Kb7 Kd7  1/2-1/2

[Event "FIN-chT"]
[Site "?"]
[Date "1994.??.??"]
[Round "?"]
[White "Lindstedt, Johan"]
[Black "Koskinen, Henri"]
[Result "1/2-1/2"]
[WhiteElo "2310"]
[BlackElo "2275"]

1.d4 d5 2.c4 c6 3.Nf3 Nf6 4.Nc3 e6 5.Qb3 Qb6 6.c5 Qd8 7.Bg5 Nbd7 8.e3 b6
9.cxb6 Qxb6 10.Qxb6 axb6 11.Be2 Bb4 12.O-O Bxc3 13.bxc3 Ne4 14.Rfc1 f6 15.Bf4 g5
16.Bg3 h5 17.h3 b5 18.Bd3 Nxg3 19.fxg3 g4 20.hxg4 hxg4 21.Nd2 f5 22.a4 bxa4
23.Rcb1  1/2-1/2

[Event "FRA-chT "]
[Site "FRA"]
[Date "1994.??.??"]
[Round "9"]
[White "Mora, Virginie"]
[Black "Nadin, Stefanie"]
[Result "1-0"]
[WhiteElo "2165"]
[BlackElo "1710"]

1.d4 d5 2.c4 e6 3.Nc3 Nf6 4.Nf3 c6 5.Bf4 Bd6 6.Bxd6 Qxd6 7.e3 O-O 8.Qc2 Nbd7
9.Be2 dxc4 10.Bxc4 b6 11.O-O Bb7 12.Ne4 Nxe4 13.Qxe4 Nf6 14.Qe5 Rfd8 15.Rac1 Rac8
16.Bb3 Qxe5 17.Nxe5 Nd7 18.Nd3 Nf6 19.Rfd1 Kf8 20.Ba4 Nd5 21.b4 Ba6 22.a3 Ne7
23.Ne5 Bb7 24.Bb3 Rd6 25.Nc4 Rd7 26.Ne5 Rd6 27.h4 Ba6 28.Bc2 h6 29.Ba4 f6
30.Nd3 Nf5 31.h5 e5 32.Rd2 exd4 33.e4 Ne7 34.Bb3 Bxd3 35.Rxd3 c5 36.f4 c4
37.Rxc4 Rxc4 38.Bxc4 Nc6 39.Bd5 Ne7 40.Rxd4 f5 41.Rd3 fxe4 42.Bxe4 Rxd3 43.Bxd3 Nd5
44.g3 Ke7 45.Kf2 Nf6 46.Bg6 a5 47.bxa5 bxa5 48.Kf3 Nd7 49.Ke4 Nb6 50.Kd4 Kd6
51.Bf7 Ke7 52.Bb3 Kd6 53.g4 Nc8 54.g5 Ne7 55.Ke4 hxg5 56.fxg5  1-0

[Event "Troll Masters"]
[Site "Gausdal"]
[Date "1994.??.??"]
[Round "1"]
[White "Tisdall, Jonathan D"]
[Black "Pulkkinen, Kari"]
[Result "1-0"]
[WhiteElo "2465"]
[BlackElo "2360"]

1.d4 d5 2.Nf3 Nf6 3.c4 e6 4.Nc3 c6 5.Qb3 b6 6.Bg5 Be7 7.Bxf6 Bxf6 8.Rd1 O-O
9.e4 dxe4 10.Nxe4 Nd7 11.Be2 Qc7 12.O-O c5 13.d5 exd5 14.cxd5 Qf4 15.Nxf6+ Nxf6
16.Rfe1 Bg4 17.h3 Bh5 18.d6 Rad8 19.g3 Qf5 20.Nh4 Qxh3 21.Bxh5 Nxh5 22.Qf3 Nf6
23.Re7 a5 24.Nf5 Rd7 25.Rde1 g6 26.Rxd7 Nxd7 27.Ne7+ Kg7 28.Nd5 Qf5 29.Qc3+ Kh6
30.Nc7 Nf6 31.Re7 g5 32.f3 c4 33.Kg2 b5 34.Re5 Qd3 35.Qc1 Rg8 36.Nxb5 Rg6
37.Na3 Qxd6 38.Nxc4 Qc7 39.b3 Kg7 40.Rxg5 h6 41.Rxg6+ fxg6 42.Qc3 Qe7 43.Qe3 Qc7
44.Qb6 Qe7 45.Nxa5 Qa3 46.Qc7+ Kf8 47.Qd8+ Kg7 48.Qd2 g5 49.Nc4 Qa7 50.Qa5 Qd7
51.Ne5 Qb7 52.Qc3 Kg8 53.Qc4+ Kf8 54.Qc6 Qxc6 55.Nxc6 Nd5 56.Nd4  1-0

[Event "Geneve op"]
[Site "Geneve"]
[Date "1994.??.??"]
[Round "6"]
[White "Morariu, Ioana"]
[Black "Jaszczuk, Juliusz"]
[Result "0-1"]
[WhiteElo "2055"]
[BlackElo "2000"]

1.d4 d5 2.c4 c6 3.Nf3 Nf6 4.Nc3 e6 5.Qb3 Ne4 6.g3 f5 7.Bg2 Be7 8.O-O O-O
9.cxd5 cxd5 10.Bf4 g5 11.Bxb8 Rxb8 12.Ne5 Nd2 13.Qb5 a6 14.Qd3 Nxf1 15.Rxf1 Bf6
16.Nf3 g4 17.Ne5 Qd6 18.Qe3 Bxe5 19.dxe5 Qe7 20.Rc1 Bd7 21.Rd1 Bc6 22.Rd4 Rf7
23.f3 h5 24.Nd1 Rg7 25.Nf2 Qg5 26.Rf4 Rd8 27.Qd4 Bb5 28.e3 Rc8 29.fxg4 Rc1+
30.Bf1  0-1

[Event "Bundesliga 9394"]
[Site "Germany"]
[Date "1994.??.??"]
[Round "?"]
[White "Muse, Mladen"]
[Black "Ribli, Zoltan"]
[Result "0-1"]
[WhiteElo "2485"]
[BlackElo "2610"]

1.d4 Nf6 2.c4 e6 3.Nf3 d5 4.Nc3 c6 5.Qb3 dxc4 6.Qxc4 b5 7.Qb3 a6 8.e4 b4
9.Na4 Nxe4 10.Bd3 Nf6 11.O-O Be7 12.Bg5 Nbd7 13.Rac1 O-O 14.Qc2 h6 15.Bh4 Bb7
16.Qe2 Nd5 17.Bg3 Qa5 18.b3 c5 19.Ne5 N5f6 20.Ng6 fxg6 21.Qxe6+ Kh8 22.Qxe7 Rfe8
23.Qd6 Rad8 24.Bxg6 Re2 25.Nxc5 Nxc5 26.Rxc5 Rxd6 27.Rxa5 Rxd4 28.h3 Be4
29.Rxa6 Bxg6 30.Ra8+ Kh7 31.Rb8 Rde4 32.Rc1 Nd5 33.Rcc8 Bf5 34.h4 Bxc8  0-1